000 00395nam a2200169Ia 4500
008 230524s9999 xx 000 0 und d
020 _a9788120339019
082 _bMOT
100 _aRobert L. Mott
_942841
245 0 _aApplied Strength of Materials
250 _a5
260 _aNew Delhi
_bPHI
300 _a"IX,771p;"
500 _aQuantity Number: 1
650 _aCivil
942 _cBK
999 _c57815
_d57815